[Event "Aalborg Larsen Memorial"]
[Site "Aalborg"]
[Date "2018.10.16"]
[Round "4"]
[White "Andersson, Kaj Ake"]
[Black "Sveshnikov, Evgeny"]
[Result "0-1"]
[WhiteElo "2023"]
[BlackElo "2478"]
[PlyCount "58"]
[EventDate "2018.10.13"]
[EventType "swiss"]
[EventRounds "7"]
[EventCountry "DEN"]
[SourceTitle "CBM 186 Extra"]
[Source "ChessBase"]
[SourceDate "2018.08.24"]
[SourceVersion "1"]
[SourceVersionDate "2018.08.24"]
[SourceQuality "1"]

1. e4 Nf6 2. Nc3 d5 3. exd5 Nxd5 4. d4 Nxc3 5. bxc3 g6 6. Nf3 Bg7 7. Be3 0-0 8. Qd2 Nc6 9. Bb5 Qd5 10. c4 Qh5 11. 0-0 Bg4 12. Ne1 Be2 13. Bxc6 bxc6 14. Nd3 Bxf1 15. Rxf1 Rfd8 16. c3 e5 17. Bg5 f6 18. Be3 g5 19. Nc5 Qf7 20. Qe2 exd4 21. cxd4 f5 22. Bxg5 Rxd4 23. Qf3 Rxc4 24. Qxc6 Re8 25. Qb5 c6 26. Qa5 Bc3 27. Qa3 Bb4 28. Qg3 Rg4 29. Qd6 Rxg5 0-1

[Event "Helsingor Xtracon op"]
[Site "Helsingor"]
[Date "2017.07.23"]
[Round "2"]
[White "Andersson, Kaj Ake"]
[Black "Das, Arghyadip"]
[Result "0-1"]
[WhiteElo "2063"]
[BlackElo "2416"]
[PlyCount "96"]
[EventDate "2017.07.22"]
[EventType "swiss"]
[EventRounds "10"]
[EventCountry "DEN"]
[SourceTitle "CBM 179 Extra"]
[Source "ChessBase"]
[SourceDate "2017.08.23"]
[SourceVersion "1"]
[SourceVersionDate "2017.08.23"]
[SourceQuality "1"]

1. e4 c5 2. Nf3 e6 3. d4 cxd4 4. Nxd4 a6 5. Nc3 Qc7 6. a3 Nf6 7. Bg5 Be7 8. Be2 d6 9. 0-0 Nbd7 10. Qd2 h6 11. Be3 b5 12. Rad1 Bb7 13. f3 0-0 14. Qe1 Nb6 15. Qg3 Kh8 16. Qh3 Nc4 17. Bxc4 Qxc4 18. Rd3 Kh7 19. g4 Nd7 20. g5 Ne5 21. Rd2 Qc8 22. Rg2 Nc4 23. gxh6 g6 24. Bg5 Bxg5 25. Rxg5 Qd8 26. Qh4 Nxb2 27. Rf2 Rc8 28. Nce2 Nd1 29. Rfg2 Ne3 30. R2g3 Nxc2 31. Qg4 Qf6 32. Nxc2 Rxc2 33. Rg2 Rfc8 34. h4 Kxh6 35. Nf4 Rxg2+ 36. Kxg2 Rc2+ 37. Kg3 Bxe4 38. fxe4 Qc3+ 39. Qf3 Qe1+ 40. Kh3 Rf2 41. Qg3 Qh1+ 42. Kg4 f5+ 43. exf5 exf5+ 44. Rxf5 gxf5+ 45. Kxf5 Qd5+ 46. Kg4 Qg8+ 47. Kh3 Qc8+ 48. Qg4 Rf3+ 0-1

[Event "Wch Seniors 65 26th"]
[Site "Marianske Lazne"]
[Date "2016.11.24"]
[Round "6"]
[White "Kopecek, Ivan"]
[Black "Andersson, Kaj Ake"]
[Result "0-1"]
[WhiteElo "1910"]
[BlackElo "2057"]
[PlyCount "68"]
[EventDate "2016.11.19"]
[EventType "swiss"]
[EventRounds "11"]
[EventCountry "CZE"]
[SourceTitle "CBM 175 Extra"]
[Source "ChessBase"]
[SourceDate "2016.12.12"]
[SourceVersion "1"]
[SourceVersionDate "2016.12.12"]
[SourceQuality "1"]

1. d4 d5 2. Nf3 Nf6 3. e3 e6 4. Bd3 c5 5. b3 cxd4 6. exd4 Nc6 7. Nbd2 Bd7 8. 0-0 Rc8 9. c4 Be7 10. Bb2 0-0 11. Rc1 Qb6 12. c5 Qc7 13. Ne5 Nxe5 14. dxe5 Ne8 15. Re1 Qa5 16. Re3 h6 17. a3 Rxc5 18. Rxc5 Qxc5 19. Rg3 Bh4 20. b4 Qb6 21. Re3 f5 22. Nf3 Bxf2+ 23. Kxf2 f4 24. Bd4 fxe3+ 25. Kxe3 Qc7 26. Bc5 Rxf3+ 27. Qxf3 Qxe5+ 28. Kd2 Nf6 29. Bxa7 Qb2+ 30. Ke1 e5 31. Bg6 Qc1+ 32. Kf2 e4 33. Qb3 Ng4+ 34. Kg3 Qc7+ 0-1

[Event "Aalborg Larsen Memorial"]
[Site "Aalborg"]
[Date "2014.10.17"]
[Round "5"]
[White "Rooze, Jan"]
[Black "Andersson, Kaj Ake"]
[Result "1-0"]
[WhiteElo "2341"]
[BlackElo "2010"]
[PlyCount "179"]
[EventDate "2014.10.13"]
[EventType "swiss"]
[EventRounds "7"]
[EventCountry "DEN"]
[SourceTitle "EXT 2015"]
[Source "ChessBase"]
[SourceDate "2014.11.20"]
[SourceVersion "1"]
[SourceVersionDate "2014.11.20"]
[SourceQuality "1"]

1. e4 c5 2. Nf3 d6 3. Bb5+ Nd7 4. 0-0 a6 5. Bd3 g6 6. c3 Bg7 7. Bc2 b5 8. d4 Bb7 9. Re1 Ngf6 10. e5 dxe5 11. dxe5 Ng4 12. e6 Nde5 13. Nxe5 Nxe5 14. exf7+ Nxf7 15. Qxd8+ Rxd8 16. Be3 Rc8 17. Nd2 b4 18. cxb4 cxb4 19. Ba4+ Kf8 20. Rac1 Rxc1 21. Rxc1 Bxb2 22. Rc7 Bd5 23. Bb3 Bxb3 24. axb3 Nd6 25. Bc5 Bc3 26. Nf3 h6 27. Ra7 a5 28. Kf1 Ke8 29. Nd4 Rf8 30. Nc6 Rf7 31. Bxd6 exd6 32. Rxf7 Kxf7 33. Nxa5 Ke6 34. Ke2 d5 35. Kd3 Kd6 36. Nb7+ Kc7 37. Nc5 Kd6 38. Na4 Be5 39. h3 Kc6 40. Kc2 Bd4 41. f3 g5 42. g3 h5 43. Kd3 Be5 44. g4 h4 45. Ke3 Bg7 46. f4 Bf6 47. f5 Be5 48. Kd3 Ba1 49. Kc2 Bf6 50. Nb2 Kd6 51. Nd3 Bc3 52. Kd1 Ke7 53. Ke2 Kf6 54. Ke3 Ke7 55. Nc5 Kf7 56. Ne6 Kf6 57. Kd3 Ba1 58. Ke3 Bc3 59. Nc5 Ke7 60. Nd3 Kd6 61. Ke2 Ke7 62. Ne1 Bf6 63. Nd3 Bc3 64. Kf3 Kd6 65. Ke3 Kc6 66. Nc1 Bf6 67. Kd3 Kd6 68. Ne2 Kc5 69. Ng1 Kd6 70. Nf3 Kc5 71. Ke3 Bb2 72. Ne1 Bf6 73. Nd3+ Kb5 74. Kd2 Bd4 75. Ke2 Bf6 76. Ne1 Kc5 77. Kd3 Bc3 78. Nf3 Bf6 79. Ke3 Bb2 80. Kd2 Bf6 81. Kd3 Kd6 82. Nd4 Kc5 83. Ne6+ Kd6 84. Ke3 Ke7 85. Nc7 d4+ 86. Ke4 Kd6 87. Ne8+ Ke7 88. Nxf6 Kxf6 89. Kxd4 Ke7 90. Kc4 1-0

[Event "EU-ch Seniors 65 14th"]
[Site "Porto"]
[Date "2014.03.09"]
[Round "1"]
[White "Werner, Clemens"]
[Black "Andersson, Kaj Ake"]
[Result "1/2-1/2"]
[WhiteElo "2330"]
[BlackElo "2040"]
[PlyCount "95"]
[EventDate "2014.03.09"]
[EventType "swiss"]
[EventRounds "9"]
[EventCountry "POR"]
[SourceTitle "CBM 159 Extra"]
[Source "ChessBase"]
[SourceDate "2014.04.24"]
[SourceVersion "1"]
[SourceVersionDate "2014.04.24"]
[SourceQuality "1"]

1. e4 c5 2. c3 e6 3. d4 d5 4. exd5 Qxd5 5. Nf3 Nc6 6. Na3 Bd7 7. Be3 cxd4 8. Nb5 Rc8 9. Nbxd4 Bc5 10. Nb5 Qxd1+ 11. Rxd1 Bf8 12. Be2 Nf6 13. 0-0 Nd5 14. Bc1 a6 15. c4 Nf6 16. Nd6+ Bxd6 17. Rxd6 Ke7 18. Rfd1 Rhd8 19. Bg5 Be8 20. Rxd8 Rxd8 21. Rxd8 Nxd8 22. Ne5 h6 23. Be3 Kd6 24. f4 Nd7 25. Nd3 f6 26. Bf3 Bg6 27. Nf2 Nc5 28. b4 Nd3 29. a3 Ne1 30. Bc5+ Kd7 31. Bd1 Ke8 32. Kf1 Nc2 33. b5 e5 34. fxe5 fxe5 35. Bg4 Bf7 36. Be2 Ne6 37. bxa6 bxa6 38. Bd6 Nf4 39. Bxe5 Nxe2 40. Kxe2 Bxc4+ 41. Kd2 Nxa3 42. Bxg7 h5 43. Ne4 Bf1 44. g3 Kf7 45. Bh8 Kg6 46. Ke1 Bc4 47. Nd6 Bd5 48. Bb2 1/2-1/2

[Event "Wch Seniors 23rd"]
[Site "Opatija"]
[Date "2013.11.21"]
[Round "9"]
[White "Andersson, Kaj Ake"]
[Black "Yakovlev, Yuri S"]
[Result "0-1"]
[WhiteElo "2062"]
[BlackElo "1951"]
[PlyCount "142"]
[EventDate "2013.11.12"]
[EventType "swiss"]
[EventRounds "11"]
[EventCountry "CRO"]
[SourceTitle "CBM 157 Extra"]
[Source "ChessBase"]
[SourceDate "2013.12.19"]
[SourceVersion "1"]
[SourceVersionDate "2013.12.19"]
[SourceQuality "1"]

1. e4 c5 2. Nf3 e6 3. d4 cxd4 4. Nxd4 a6 5. Nc3 b5 6. Bd3 Bb7 7. 0-0 Qc7 8. Be3 Nf6 9. f3 b4 10. Na4 d5 11. Nb3 Nbd7 12. Nd2 Bd6 13. g3 h5 14. Qe2 h4 15. g4 Bc6 16. b3 Be5 17. Rab1 a5 18. Nc5 d4 19. Nxd7 Nxd7 20. Bf2 Bxh2+ 21. Kh1 Be5 22. Nc4 Bf6 23. a3 g5 24. Rfd1 e5 25. Be1 Be7 26. Ra1 0-0 27. Qh2 Kg7 28. Ra2 f6 29. Rda1 Nb6 30. axb4 Nxc4 31. Bxc4 Bxb4 32. Qe2 Qb6 33. Bd2 Bc3 34. Rd1 Rfd8 35. Bc1 Bb4 36. Bd2 Bxd2 37. Qxd2 Qb4 38. Qd3 a4 39. bxa4 Rxa4 40. Rxa4 Bxa4 41. Qe2 Rc8 42. Bd3 Rc3 43. Kg2 Qb2 44. Rd2 Qc1 45. Qf2 Qb2 46. Qe2 Kf8 47. Qf2 Ke7 48. f4 Bd7 49. fxg5 fxg5 50. Qf3 Qc1 51. Rf2 Qf4 52. Kh3 Bxg4+ 53. Qxg4 Qxf2 54. Qxg5+ Qf6 55. Qxh4 Qxh4+ 56. Kxh4 Rc8 57. Kg3 Rf8 58. Kg4 Rf4+ 59. Kg3 Kd6 60. Kg2 Kc5 61. Kg3 Kb4 62. Kg2 Kc3 63. Kg3 Kd2 64. Kg2 Ke3 65. Kg3 Rf8 66. Kg4 Rf7 67. Kg5 Rf4 68. Kg6 Kf3 69. Kg5 Rxe4 70. Bxe4+ Kxe4 71. Kf6 Kf4 0-1

[Event "Wch Seniors 23rd"]
[Site "Opatija"]
[Date "2013.11.12"]
[Round "1"]
[White "Andersson, Kaj Ake"]
[Black "Shvedchikov, Anatoli I"]
[Result "0-1"]
[WhiteElo "2062"]
[BlackElo "2363"]
[PlyCount "108"]
[EventDate "2013.11.12"]
[EventType "swiss"]
[EventRounds "11"]
[EventCountry "CRO"]
[SourceTitle "CBM 157 Extra"]
[Source "ChessBase"]
[SourceDate "2013.12.19"]
[SourceVersion "1"]
[SourceVersionDate "2013.12.19"]
[SourceQuality "1"]

1. e4 c5 2. Nf3 Nc6 3. d4 cxd4 4. Nxd4 g6 5. Be3 Nf6 6. Nc3 Bg7 7. Bc4 d6 8. f3 0-0 9. Qd2 Bd7 10. 0-0 Ne5 11. Bb3 Rc8 12. Rad1 a6 13. Qf2 Nc4 14. Bxc4 Rxc4 15. Rd2 b5 16. Nb3 b4 17. Ne2 Qb8 18. c3 Rfc8 19. Ba7 Qb5 20. Qb6 R4c7 21. cxb4 Bh6 22. Nc3 Qxb6+ 23. Bxb6 Bxd2 24. Nxd2 Rb7 25. Ba5 Be6 26. Rd1 Nd7 27. Kf2 Ne5 28. Nd5 Bxd5 29. exd5 Nd3+ 30. Ke3 Nxb2 31. Rb1 Rc3+ 32. Ke2 Rc2 33. Ke3 Rc3+ 34. Ke2 Ra3 35. Rxb2 Rxa5 36. Kd3 Rxd5+ 37. Kc4 e6 38. a4 Rc7+ 39. Kb3 f5 40. Nb1 Rd3+ 41. Ka2 Kf7 42. Na3 Ke7 43. b5 axb5 44. axb5 Ra7 45. Rb3 Rxb3 46. Kxb3 Kd7 47. Kb4 Kc7 48. Nc4 Ra1 49. Na3 Ra2 50. Nc4 Rxg2 51. b6+ Kc6 52. Ka5 Kc5 53. Ka6 Kxc4 54. b7 Rb2 0-1

[Event "EU-chT Seniors"]
[Site "Rogaska Slatina"]
[Date "2012.03.29"]
[Round "3.19"]
[White "Fleuch, Hans Juergen"]
[Black "Andersson, Kaj Ake"]
[Result "1/2-1/2"]
[WhiteElo "2078"]
[BlackElo "2058"]
[PlyCount "33"]
[EventDate "2012.03.27"]
[EventType "team-swiss"]
[EventRounds "9"]
[EventCountry "SLO"]
[SourceTitle "CBM 147 Extra"]
[Source "ChessBase"]
[SourceDate "2012.04.24"]
[SourceVersion "1"]
[SourceVersionDate "2012.04.24"]
[SourceQuality "1"]
[WhiteTeam "Stiftung BSW/DBAG (Seniors)"]
[BlackTeam "Sweden (Seniors) III"]
[WhiteTeamCountry "GER"]
[BlackTeamCountry "SWE"]

1. e4 c5 2. c3 Nf6 3. e5 Nd5 4. d4 cxd4 5. Nf3 Nc6 6. cxd4 d6 7. Be2 dxe5 8. Nxe5 Nxe5 9. dxe5 e6 10. 0-0 Bd7 11. Qb3 Bc6 12. Qg3 g6 13. Nd2 Ne7 14. Qf4 Nf5 15. Ne4 Bg7 16. Rd1 Qc7 17. Nd6+ 1/2-1/2

[Event "Wch Seniors 21st"]
[Site "Rijeka"]
[Date "2011.11.15"]
[Round "1"]
[White "Andersson, Kaj Ake"]
[Black "Okhotnik, Vladimir"]
[Result "0-1"]
[WhiteElo "2084"]
[BlackElo "2427"]
[PlyCount "124"]
[EventDate "2011.11.15"]
[EventType "swiss"]
[EventRounds "11"]
[EventCountry "CRO"]
[SourceTitle "CBM 145 Extra"]
[Source "ChessBase"]
[SourceDate "2012.01.03"]
[SourceVersion "1"]
[SourceVersionDate "2012.01.03"]
[SourceQuality "1"]

1. e4 e6 2. d4 d5 3. Nd2 Be7 4. Bd3 c5 5. c3 cxd4 6. cxd4 Nc6 7. Ne2 dxe4 8. Nxe4 Nf6 9. 0-0 0-0 10. Ng5 e5 11. dxe5 Nxe5 12. Bc2 Bg4 13. Qxd8 Rfxd8 14. Ng3 h6 15. N5e4 Nd3 16. Be3 Nxe4 17. Nxe4 Be2 18. Rfb1 Nb4 19. Rc1 Nxc2 20. Rxc2 Bg4 21. Rc7 Rd7 22. Rac1 Bd8 23. Rxd7 Bxd7 24. f3 Bc6 25. Kf2 Bh4+ 26. g3 Bd8 27. Rc3 a5 28. Bc5 f5 29. Nd6 Bf6 30. Rc2 g6 31. Bb6 a4 32. Rd2 Ra6 33. Bd4 Bxd4+ 34. Rxd4 Rb6 35. Rd2 Rb4 36. h3 Kg7 37. Rc2 Bd5 38. Ke3 Kf6 39. Rc5 Bxa2 40. Rb5 Rxb5 41. Nxb5 Bd5 42. h4 Bc6 43. Nd4 Ke5 44. Kd3 f4 45. g4 Bd5 46. Kc3 b5 47. Nxb5 Bxf3 48. g5 hxg5 49. hxg5 Kf5 50. Nd4+ Kg4 51. Kd2 Bd5 52. Ke2 Kxg5 53. Kf2 Kg4 54. Nc2 g5 55. Nd4 Kh3 56. Ne2 Kh2 57. Nc3 g4 58. Nxd5 g3+ 59. Ke2 g2 60. Nxf4 g1Q 61. Nd3 Qb6 62. Kd2 Qb3 0-1

[Event "SWE-ch Veterans"]
[Site "Lund"]
[Date "2010.07.04"]
[Round "2"]
[White "Andersson, Kaj Ake"]
[Black "Marklund, Gunnar"]
[Result "1-0"]
[WhiteElo "2098"]
[BlackElo "2080"]
[PlyCount "85"]
[EventDate "2010.07.03"]
[EventType "swiss"]
[EventRounds "9"]
[EventCountry "SWE"]
[SourceTitle "CBM 137 Extra"]
[Source "ChessBase"]
[SourceDate "2010.09.01"]
[SourceVersion "1"]
[SourceVersionDate "2010.09.01"]
[SourceQuality "1"]

1. d4 d5 2. c4 c6 3. Nc3 Nf6 4. Nf3 e6 5. e3 dxc4 6. Bxc4 Nbd7 7. 0-0 Nb6 8. Bb3 Bb4 9. Bd2 Bxc3 10. bxc3 a5 11. Qe2 a4 12. Bc2 Qc7 13. e4 Nbd7 14. e5 Ng8 15. Ng5 Nf8 16. Ne4 Ng6 17. Nd6+ Kf8 18. f4 f5 19. g4 Nh6 20. gxf5 Nxf5 21. Nxf5 exf5 22. c4 Be6 23. Bb4+ Kg8 24. Bd6 Qf7 25. Bd3 Ne7 26. Rab1 Nc8 27. Ba3 h6 28. Rb2 Kh7 29. Rfb1 b6 30. Rc2 Rd8 31. Qe3 Qd7 32. Rd2 Kh8 33. Bf1 Ra7 34. d5 c5 35. Rbd1 Bg8 36. Bb2 Qe8 37. Qh3 Qg6+ 38. Rg2 Qh7 39. Bd3 Rf8 40. Kh1 b5 41. Qe3 bxc4 42. Qxc5 cxd3 43. Qxf8 1-0

[Event "EU-chT Seniors 10th"]
[Site "Dresden"]
[Date "2008.02.16"]
[Round "6.4"]
[White "Guaglianone, Mario"]
[Black "Andersson, Kaj Ake"]
[Result "1/2-1/2"]
[WhiteElo "2033"]
[BlackElo "2155"]
[PlyCount "83"]
[EventDate "2008.02.11"]
[EventType "team-swiss"]
[EventRounds "9"]
[EventCountry "GER"]
[SourceTitle "CBM 122 Extra"]
[Source "ChessBase"]
[SourceDate "2008.03.04"]
[SourceVersion "1"]
[SourceVersionDate "2008.03.04"]
[SourceQuality "1"]
[WhiteTeam "Italy"]
[BlackTeam "Sweden"]
[WhiteTeamCountry "ITA"]
[BlackTeamCountry "SWE"]

1. d4 d5 2. Nf3 Nf6 3. Bf4 c6 4. c3 Nbd7 5. Nbd2 g6 6. h3 Bg7 7. e3 0-0 8. Bd3 a5 9. 0-0 a4 10. a3 Nh5 11. Bh2 f5 12. Ne5 Nhf6 13. f3 Bh6 14. Qe2 Nxe5 15. Bxe5 Nd7 16. f4 Nxe5 17. fxe5 e6 18. Nf3 b5 19. g3 Ra7 20. Rf2 Rg7 21. Rg2 Kh8 22. Rf1 Bd7 23. Kf2 Be8 24. Ke1 g5 25. Ng1 Bg6 26. g4 Rgf7 27. Rgf2 Bg7 28. Qc2 Qd7 29. Nf3 h6 30. Nh2 c5 31. Qe2 c4 32. Bc2 Kh7 33. Nf3 Qe7 34. Nh2 Kh8 35. Bb1 Bh7 36. Qc2 Qd7 37. Nf3 Kg8 38. h4 Qe7 39. hxg5 hxg5 40. Nh2 Bh6 41. Qe2 Kg7 42. Qf3 1/2-1/2